[Event "Mittelfranken Landesliga Sued 2223"]
[Site "Mittelfranken"]
[Date "2022.11.27"]
[Round "3.7"]
[White "Weichlein, Paul"]
[Black "Oezden, Kadir"]
[Result "1-0"]
[WhiteElo "2103"]
[BlackElo "1802"]
[PlyCount "73"]
[EventDate "2022.10.09"]
[EventType "team-tourn"]
[EventRounds "9"]
[EventCountry "GER"]
[SourceTitle "EXT 2024"]
[Source "ChessBase"]
[SourceDate "2023.10.10"]
[SourceVersion "1"]
[SourceVersionDate "2023.10.10"]
[SourceQuality "1"]
[WhiteTeam "Haunstetten"]
[BlackTeam "Muenchen Zugzwang II"]
[WhiteTeamCountry "GER"]
[BlackTeamCountry "GER"]

1. d4 Nf6 2. c4 e5 3. dxe5 Ng4 4. Nf3 Nc6 5. Bf4 Bb4+ 6. Nbd2 Qe7 7. a3 Ngxe5 8. Nxe5 Nxe5 9. e3 Bxd2+ 10. Qxd2 d6 11. Be2 Be6 12. Rc1 0-0 13. 0-0 Rfd8 14. Bg3 f6 15. Qc2 Qf7 16. f4 Nc6 17. f5 Bd7 18. c5 d5 19. Bxc7 Re8 20. Bf4 Ne5 21. b4 Nc4 22. e4 Rxe4 23. Qxe4 dxe4 24. Bxc4 Qxc4 25. Rxc4 Bb5 26. Rxe4 Bxf1 27. Kxf1 Kf7 28. Bd6 Re8 29. Rxe8 Kxe8 30. Ke2 Kd7 31. Kd3 Kc6 32. Kc4 b5+ 33. cxb6 Kxb6 34. Bc5+ Kb7 35. b5 a6 36. bxa6+ Kxa6 37. Kd5 1-0

[Event "Landesliga Sued 1920"]
[Site "Bayern"]
[Date "2020.09.13"]
[Round "8.5"]
[White "Bindl, Roland"]
[Black "Oezden, Kadir"]
[Result "1-0"]
[WhiteElo "2063"]
[BlackElo "1711"]
[PlyCount "125"]
[EventDate "2019.09.29"]
[EventType "team-tourn"]
[EventRounds "9"]
[EventCountry "GER"]
[SourceTitle "EXT 2022"]
[Source "ChessBase"]
[SourceDate "2021.10.06"]
[SourceVersion "1"]
[SourceVersionDate "2021.10.06"]
[SourceQuality "1"]
[WhiteTeam "Haunstetten"]
[BlackTeam "MSA Zugzwang II"]
[WhiteTeamCountry "GER"]
[BlackTeamCountry "GER"]

1. d4 Nf6 2. c4 e6 3. Nc3 d5 4. cxd5 exd5 5. Bg5 c6 6. Qc2 Be7 7. e3 Ne4 8. Bxe7 Qxe7 9. Nxd5 cxd5 10. Qxc8+ Qd8 11. Qxd8+ Kxd8 12. Bd3 Nd6 13. Ne2 Nc6 14. Nf4 Ne7 15. h4 Kd7 16. Rc1 Rac8 17. Ke2 Rc6 18. Rc5 Rhc8 19. Rhc1 Rxc5 20. Rxc5 Rxc5 21. dxc5 Ndf5 22. Bb5+ Nc6 23. g3 Kd8 24. Bd3 Nfe7 25. Bxh7 g6 26. h5 Ne5 27. Nd3 Nd7 28. Nf4 Ne5 29. e4 dxe4 30. Ke3 Ng4+ 31. Kd4 Nf5+ 32. Kc3 Nxf2 33. hxg6 fxg6 34. g4 Nxg4 35. Bxg6 Ng3 36. b4 Kd7 37. Kd4 Nf2 38. Nd5 Ke6 39. Nc3 Nf5+ 40. Bxf5+ Kxf5 41. b5 Nd3 42. Kd5 Nf4+ 43. Kd6 e3 44. c6 bxc6 45. bxc6 Ne6 46. Ne2 a6 47. a3 a5 48. a4 Ng7 49. c7 Ne8+ 50. Kd7 Nxc7 51. Kxc7 Ke4 52. Kb6 Kd3 53. Ng3 Kc4 54. Kxa5 Kc5 55. Ne2 Kc6 56. Kb4 Kb6 57. a5+ Kb7 58. Kb5 Ka7 59. a6 Kb8 60. Kb6 Ka8 61. Nd4 Kb8 62. a7+ Ka8 63. Nb5 1-0

[Event "DSOL 03 Liga Gr-D 1st"]
[Site "Playchess.com INT"]
[Date "2020.07.28"]
[Round "6.2"]
[White "Ulrich, Andreas"]
[Black "Oezden, Kadir"]
[Result "1/2-1/2"]
[WhiteElo "1858"]
[BlackElo "1754"]
[PlyCount "114"]
[EventDate "2020.06.22"]
[EventType "team-tourn (rapid)"]
[EventCountry "GER"]
[SourceTitle "EXT 2021"]
[Source "ChessBase"]
[SourceDate "2020.10.23"]
[SourceVersion "1"]
[SourceVersionDate "2020.10.23"]
[SourceQuality "1"]
[WhiteTeam "Eutin"]
[BlackTeam "MSA Zugzwang"]
[WhiteTeamCountry "GER"]
[BlackTeamCountry "GER"]

1. e4 e5 2. Nf3 Nc6 3. d4 exd4 4. Nxd4 g6 5. Nc3 Bg7 6. Be3 Nge7 7. Qd2 0-0 8. 0-0-0 d6 9. f3 Ne5 10. Be2 a5 11. g4 Be6 12. h4 Qd7 13. h5 Bc4 14. hxg6 fxg6 15. Rh3 Rf7 16. Rdh1 c5 17. Ndb5 Bxe2 18. Qxe2 Raf8 19. Rxh7 Nxf3 20. R7h3 Nc6 21. Bh6 Ncd4 22. Nxd4 Nxd4 23. Qd1 Rf3 24. Bxg7 Qxg7 25. R3h2 Rf2 26. Rxf2 Rxf2 27. g5 Rxc2+ 28. Kb1 Rg2 29. Qa4 Qf8 30. Qd7 Rh2 31. Rd1 Rh7 32. Qg4 Qf7 33. Nd5 Kg7 34. Qg3 Qf3 35. Qxf3 Nxf3 36. Nf6 Rh8 37. Rxd6 Nxg5 38. Rb6 Nf7 39. Nd5 Rh4 40. Rxb7 Rxe4 41. Rb5 c4 42. Rxa5 g5 43. Nc3 Re1+ 44. Kc2 g4 45. Rf5 Kg6 46. Rf4 Ne5 47. Re4 Rxe4 48. Nxe4 Kf5 49. Ng3+ Kf4 50. Nf1 Ke4 51. b3 Kd4 52. bxc4 Nxc4 53. Kd1 Ke4 54. Ke2 Kf4 55. Kf2 Nd6 56. a4 Nc4 57. Kg2 Ke4 1/2-1/2

[Event "DSOL 03 Liga Gr-D 1st"]
[Site "Playchess.com INT"]
[Date "2020.07.17"]
[Round "4.2"]
[White "Fruehling, Karl Heinz"]
[Black "Oezden, Kadir"]
[Result "0-1"]
[WhiteElo "1901"]
[BlackElo "1754"]
[PlyCount "60"]
[EventDate "2020.06.22"]
[EventType "team-tourn (rapid)"]
[EventCountry "GER"]
[SourceTitle "EXT 2021"]
[Source "ChessBase"]
[SourceDate "2020.10.23"]
[SourceVersion "1"]
[SourceVersionDate "2020.10.23"]
[SourceQuality "1"]
[WhiteTeam "Bad Homburg"]
[BlackTeam "MSA Zugzwang"]
[WhiteTeamCountry "GER"]
[BlackTeamCountry "GER"]

1. d4 Nf6 2. c4 g6 3. Nc3 Bg7 4. e4 d6 5. f3 0-0 6. Be3 e5 7. Nge2 Nbd7 8. g4 exd4 9. Nxd4 Ne5 10. Be2 Be6 11. Nxe6 fxe6 12. Qd2 Nfd7 13. f4 Nxg4 14. Bxg4 Qh4+ 15. Kd1 Qxg4+ 16. Kc2 Nb6 17. b3 Qf3 18. Raf1 Bxc3 19. Rxf3 Bxd2 20. Bxd2 Nd7 21. b4 a5 22. bxa5 Ne5 23. Rb3 Nxc4 24. Rxb7 Nxd2 25. Kxd2 Rxa5 26. Rxc7 Rxa2+ 27. Kd3 Rxf4 28. Rb1 Rf3+ 29. Kd4 Rd2+ 30. Kc4 Rc2+ 0-1

[Event "GER-chT School WK H+R"]
[Site "Playchess.com INT"]
[Date "2020.06.17"]
[Round "5.1"]
[White "Menskes, Maxime"]
[Black "Oezden, Kadir"]
[Result "0-1"]
[WhiteElo "1369"]
[BlackElo "1825"]
[PlyCount "52"]
[EventDate "2020.06.10"]
[EventType "team-swiss (blitz)"]
[EventRounds "7"]
[EventCountry "GER"]
[SourceTitle "EXT 2021"]
[Source "ChessBase"]
[SourceDate "2020.10.23"]
[SourceVersion "1"]
[SourceVersionDate "2020.10.23"]
[SourceQuality "1"]
[WhiteTeam "Bad Krozingen Max Planck"]
[BlackTeam "Muenchen Ernst Barlach Realsch"]
[WhiteTeamCountry "GER"]
[BlackTeamCountry "GER"]

1. e4 e5 2. Nf3 Nc6 3. Nc3 Nf6 4. Bb5 d6 5. d3 Be7 6. Bg5 0-0 7. Qd2 Bg4 8. h3 Bxf3 9. gxf3 Nd4 10. 0-0-0 Nxf3 11. Qe3 Nxg5 12. Qxg5 Nxe4 13. Qg2 Nxc3 14. bxc3 c6 15. Ba4 Bg5+ 16. Kb1 b5 17. Bb3 a5 18. a3 a4 19. Ba2 d5 20. Rhg1 Bf6 21. h4 Qd6 22. Kb2 d4 23. h5 h6 24. Qg6 dxc3+ 25. Kb1 Qxa3 26. Qe4 Qb2# 0-1

[Event "GER-chT School WK H+R"]
[Site "Playchess.com INT"]
[Date "2020.06.10"]
[Round "3.1"]
[White "Haubold, Sebastian Marcel"]
[Black "Oezden, Kadir"]
[Result "0-1"]
[WhiteElo "2042"]
[BlackElo "1825"]
[PlyCount "122"]
[EventDate "2020.06.10"]
[EventType "team-swiss (blitz)"]
[EventRounds "7"]
[EventCountry "GER"]
[SourceTitle "EXT 2021"]
[Source "ChessBase"]
[SourceDate "2020.10.23"]
[SourceVersion "1"]
[SourceVersionDate "2020.10.23"]
[SourceQuality "1"]
[WhiteTeam "Aschersleben Adam Olearius"]
[BlackTeam "Muenchen Ernst Barlach Realsch"]
[WhiteTeamCountry "GER"]
[BlackTeamCountry "GER"]

1. e4 e5 2. Nf3 Nc6 3. Bb5 a6 4. Ba4 Nf6 5. d4 exd4 6. 0-0 d6 7. Re1 Be7 8. Nxd4 Bd7 9. Nxc6 Bxc6 10. Bxc6+ bxc6 11. Nc3 0-0 12. Bf4 d5 13. exd5 cxd5 14. Qf3 c6 15. Rad1 Re8 16. Ne2 Qb6 17. b3 Bc5 18. c3 Ne4 19. Nd4 a5 20. Qd3 Bxd4 21. Qxd4 Qxd4 22. cxd4 Nc3 23. Rc1 Ne2+ 24. Rxe2 Rxe2 25. g3 Rc8 26. a4 Rb2 27. Rc3 f6 28. Kg2 Kf7 29. Rc5 Rxb3 30. Rxa5 Rb4 31. Ra7+ Kg6 32. Be3 Rbb8 33. a5 Ra8 34. Rxa8 Rxa8 35. Bd2 Kf5 36. Kf3 g5 37. g4+ Ke6 38. Ke3 f5 39. f4 fxg4 40. fxg5 Kf5 41. Kd3 Rb8 42. Kc2 Ke4 43. Bc3 Kf3 44. Bd2 Ra8 45. Kb3 Kg2 46. Ka4 Kxh2 47. Bf4+ Kh3 48. Bc7 g3 49. Bxg3 Kxg3 50. Kb4 Kg4 51. Kc5 Rxa5+ 52. Kxc6 Kxg5 53. Kd6 h5 54. Ke6 h4 55. Kd6 h3 56. Ke6 h2 57. Kd6 h1Q 58. Ke6 Qe4+ 59. Kd6 Ra6+ 60. Kc7 Qe7+ 61. Kb8 Rd6 0-1

[Event "GER-chT School WK H+R"]
[Site "Playchess.com INT"]
[Date "2020.06.10"]
[Round "1.1"]
[White "Heel, Lorenzo"]
[Black "Oezden, Kadir"]
[Result "1-0"]
[WhiteElo "1768"]
[BlackElo "1825"]
[PlyCount "119"]
[EventDate "2020.06.10"]
[EventType "team-swiss (blitz)"]
[EventRounds "7"]
[EventCountry "GER"]
[SourceTitle "EXT 2021"]
[Source "ChessBase"]
[SourceDate "2020.10.23"]
[SourceVersion "1"]
[SourceVersionDate "2020.10.23"]
[SourceQuality "1"]
[WhiteTeam "Pfullingen Hauff Realschule"]
[BlackTeam "Muenchen Ernst Barlach Realsch"]
[WhiteTeamCountry "GER"]
[BlackTeamCountry "GER"]

1. e4 e5 2. Nf3 Nc6 3. Bb5 a6 4. Ba4 Nf6 5. 0-0 b5 6. Bb3 Be7 7. Re1 0-0 8. c3 d5 9. exd5 Nxd5 10. Nxe5 Nxe5 11. Rxe5 c6 12. d4 Bd6 13. Re1 Qh4 14. g3 Qh3 15. Be3 Bg4 16. Qd3 Rae8 17. a4 Bf5 18. Qf1 Qh5 19. Nd2 Nf4 20. Bxf4 Bxf4 21. Rxe8 Rxe8 22. Re1 Rxe1 23. Qxe1 Bd6 24. Bd1 Qg6 25. axb5 axb5 26. Nf3 Qf6 27. Qe8+ Bf8 28. Ne5 Be4 29. Bb3 Bd5 30. Bxd5 cxd5 31. Nd7 Qe7 32. Qxf8+ Qxf8 33. Nxf8 Kxf8 34. Kf1 Ke7 35. Ke2 g5 36. Kf3 f5 37. Ke3 Ke6 38. b3 g4 39. Kf4 Kf6 40. f3 h5 41. fxg4 fxg4 42. Ke3 Kf5 43. Kd3 Ke6 44. c4 dxc4+ 45. bxc4 bxc4+ 46. Kxc4 Kd6 47. d5 Kd7 48. Kc5 Kd8 49. Kd6 Ke8 50. Kc7 Kf7 51. d6 h4 52. gxh4 Kg6 53. d7 Kh7 54. d8Q Kh6 55. Qg5+ Kh7 56. Qxg4 Kh6 57. Qg5+ Kh7 58. h5 Kh8 59. h6 Kh7 60. Qg7# 1-0

[Event "GER Pfingstopen U25"]
[Site "Playchess.com INT"]
[Date "2020.06.02"]
[Round "6"]
[White "Gauchel, Lorenz"]
[Black "Oezden, Kadir"]
[Result "0-1"]
[WhiteElo "1691"]
[BlackElo "1635"]
[PlyCount "86"]
[EventDate "2020.06.02"]
[EventType "swiss (blitz)"]
[EventRounds "11"]
[EventCountry "GER"]
[SourceTitle "CBM 197 Extra"]
[Source "ChessBase"]
[SourceDate "2020.09.30"]
[SourceVersion "1"]
[SourceVersionDate "2020.09.30"]
[SourceQuality "1"]

1. d4 Nf6 2. c4 e5 3. dxe5 Ng4 4. Nf3 Nc6 5. Bf4 Bb4+ 6. Nc3 Qe7 7. e3 Ngxe5 8. Nxe5 Nxe5 9. Be2 d6 10. Qc2 0-0 11. a3 Bxc3+ 12. Qxc3 Ng6 13. Bg3 Bf5 14. 0-0 Rfe8 15. Bf3 Be4 16. Bxe4 Qxe4 17. Rfd1 h5 18. Rd4 Qe7 19. h3 h4 20. Bh2 Ne5 21. Kh1 Rad8 22. Rad1 g5 23. f4 Nc6 24. R4d3 f6 25. b4 a6 26. Re1 Kf7 27. b5 axb5 28. cxb5 Na7 29. Rd5 c6 30. bxc6 bxc6 31. Rf5 Kg6 32. g3 Qe4+ 33. Kg1 Kxf5 34. g4+ Kg6 35. f5+ Kf7 36. Qa5 Nb5 37. a4 Ra8 38. Qb6 Rxa4 39. Qb7+ Re7 40. Qc8 Ra2 41. Re2 Rxe2 42. Qe6+ Rxe6 43. fxe6+ Kxe6 0-1

[Event "GER Pfingstopen U25"]
[Site "Playchess.com INT"]
[Date "2020.06.02"]
[Round "5"]
[White "Oezden, Kadir"]
[Black "Gkegkas, Michail"]
[Result "0-1"]
[WhiteElo "1635"]
[BlackElo "1635"]
[PlyCount "154"]
[EventDate "2020.06.02"]
[EventType "swiss (blitz)"]
[EventRounds "11"]
[EventCountry "GER"]
[SourceTitle "CBM 197 Extra"]
[Source "ChessBase"]
[SourceDate "2020.09.30"]
[SourceVersion "1"]
[SourceVersionDate "2020.09.30"]
[SourceQuality "1"]

1. e4 c6 2. d4 d5 3. Nc3 dxe4 4. Nxe4 Nf6 5. Nxf6+ exf6 6. Nf3 Bd6 7. Bd3 Bg4 8. c3 0-0 9. 0-0 Nd7 10. h3 Bh5 11. Be3 Nb6 12. c4 Bc7 13. b3 Rc8 14. Be2 Bb8 15. Nh2 Qc7 16. g3 Bg6 17. Bf4 Qd7 18. Bxb8 Rxb8 19. Qd2 Qxh3 20. Bg4 Qh6 21. Qxh6 gxh6 22. Bf3 Rbd8 23. Rad1 h5 24. Bg2 Rfe8 25. Nf3 Re2 26. Rfe1 Rxa2 27. Re7 Rd7 28. Rde1 Rxe7 29. Rxe7 Rb2 30. Rxb7 Rxb3 31. c5 Rb1+ 32. Kh2 Nd5 33. Rxa7 Rd1 34. Ra6 Nb4 35. Rb6 Nd3 36. Rxc6 Nxf2 37. Rc8+ Kg7 38. c6 Ng4+ 39. Kh3 Bf5 40. Rd8 Ne5+ 41. Kh2 Nxc6 42. Rd6 Nb4 43. Nh4 Bg4 44. Nf3 Nd3 45. d5 Nf2 46. Rd8 Bf5 47. d6 Ng4+ 48. Kh3 Rd3 49. Kh4 Ne3 50. Bh3 Bg4 51. Bxg4 hxg4 52. Nh2 Nf5+ 53. Kxg4 Rxd6 54. Rxd6 Nxd6 55. Kf4 Nc4 56. Nf3 Ne5 57. Nh4 Ng6+ 58. Kg4 Nxh4 59. Kxh4 Kg6 60. Kg4 h5+ 61. Kf4 f5 62. Kf3 Kg5 63. Kg2 Kg4 64. Kf2 f4 65. gxf4 Kxf4 66. Kg2 Kg4 67. Kh2 f5 68. Kg2 h4 69. Kh2 f4 70. Kg2 h3+ 71. Kf2 f3 72. Kg1 Kf4 73. Kf1 Ke3 74. Kg1 Ke2 75. Kh2 f2 76. Kxh3 f1Q+ 77. Kg4 Ke3 0-1

[Event "GER Pfingstopen U25"]
[Site "Playchess.com INT"]
[Date "2020.06.02"]
[Round "2"]
[White "Oezden, Kadir"]
[Black "Scheifel, Maximilian"]
[Result "0-1"]
[WhiteElo "1635"]
[BlackElo "1620"]
[PlyCount "108"]
[EventDate "2020.06.02"]
[EventType "swiss (blitz)"]
[EventRounds "11"]
[EventCountry "GER"]
[SourceTitle "CBM 197 Extra"]
[Source "ChessBase"]
[SourceDate "2020.09.30"]
[SourceVersion "1"]
[SourceVersionDate "2020.09.30"]
[SourceQuality "1"]

1. e4 e5 2. Nf3 Nf6 3. Nc3 Nc6 4. Bb5 d6 5. d4 exd4 6. Nxd4 Bd7 7. 0-0 Nxd4 8. Bxd7+ Qxd7 9. Qxd4 Be7 10. Bg5 0-0 11. f4 h6 12. Bh4 Rfe8 13. e5 dxe5 14. Qxe5 b6 15. Kh1 Bd8 16. Qb5 Qxb5 17. Nxb5 a6 18. Bxf6 axb5 19. Bc3 Re2 20. Rfe1 Rxe1+ 21. Rxe1 Kf8 22. Bb4+ c5 23. Bc3 Rxa2 24. Be5 f6 25. Bd6+ Kf7 26. Rb1 Ke6 27. Bf8 Kf7 28. Bd6 g5 29. f5 Ke8 30. h3 Kd7 31. Rd1 Kc6 32. Bf8 Bc7 33. Bxh6 Rxb2 34. Bg7 Be5 35. c3 Bxc3 36. Rd8 Be5 37. Rd1 c4 38. Bf8 c3 39. Rc1 c2 40. Ba3 Rb1 41. Kg1 Rxc1+ 42. Bxc1 Bf4 43. Bb2 c1Q+ 44. Bxc1 Bxc1 45. Kf2 Kd5 46. Ke2 Ke4 47. g3 Kxf5 48. Kd3 b4 49. Kc4 Bd2 50. Kd3 Bc3 51. Ke3 Ke5 52. h4 gxh4 53. gxh4 Kf5 54. Kf3 b3 0-1

[Event "GER Pfingstopen U25"]
[Site "Playchess.com INT"]
[Date "2020.06.02"]
[Round "7"]
[White "Oezden, Kadir"]
[Black "Wagner, Margarethe"]
[Result "1-0"]
[WhiteElo "1635"]
[BlackElo "1686"]
[PlyCount "99"]
[EventDate "2020.06.02"]
[EventType "swiss (blitz)"]
[EventRounds "11"]
[EventCountry "GER"]
[SourceTitle "CBM 197 Extra"]
[Source "ChessBase"]
[SourceDate "2020.09.30"]
[SourceVersion "1"]
[SourceVersionDate "2020.09.30"]
[SourceQuality "1"]

1. e4 c5 2. Nf3 d6 3. d4 cxd4 4. Nxd4 Nf6 5. Nc3 a6 6. Bd3 e5 7. Nb3 Be6 8. 0-0 Be7 9. Be3 Nbd7 10. f3 Rc8 11. Qd2 h6 12. a4 0-0 13. a5 Nc5 14. Rfd1 Nxb3 15. cxb3 Bxb3 16. Bb6 Qd7 17. Rdc1 d5 18. exd5 Bxd5 19. Nxd5 Qxd5 20. Rd1 Qe6 21. g4 e4 22. Re1 Qb3 23. Bxe4 Bb4 24. Qe3 Bxe1 25. Qxb3 Nxe4 26. fxe4 Bh4 27. Rd1 Rfe8 28. Rd7 Rc1+ 29. Kg2 Rf8 30. Be3 Re1 31. Rxb7 Re2+ 32. Kf3 Rxh2 33. e5 Rh3+ 34. Ke4 Bg5 35. Rb6 Rxe3+ 36. Qxe3 Bxe3 37. Kxe3 Kh7 38. Rxa6 Rb8 39. Rb6 Ra8 40. a6 g6 41. b4 h5 42. gxh5 gxh5 43. b5 Kg7 44. Rb7 h4 45. Kf3 h3 46. Kg3 Rh8 47. Kh2 Kg6 48. a7 Ra8 49. b6 Kf5 50. Rb8 1-0

[Event "Landesliga Sued 1920"]
[Site "Bayern"]
[Date "2019.10.20"]
[Round "1.8"]
[White "Oezden, Kadir"]
[Black "Czap, Bernard"]
[Result "0-1"]
[WhiteElo "1714"]
[BlackElo "2072"]
[PlyCount "146"]
[EventDate "2019.09.29"]
[EventType "team-tourn"]
[EventRounds "9"]
[EventCountry "GER"]
[SourceTitle "EXT 2021"]
[Source "ChessBase"]
[SourceDate "2020.10.23"]
[SourceVersion "1"]
[SourceVersionDate "2020.10.23"]
[SourceQuality "1"]
[WhiteTeam "MSA Zugzwang II"]
[BlackTeam "Unterhaching"]
[WhiteTeamCountry "GER"]
[BlackTeamCountry "GER"]

1. e4 d6 2. d4 Nf6 3. Nc3 g6 4. Bd3 Nc6 5. Nge2 Bg7 6. Bf4 e5 7. dxe5 dxe5 8. Be3 0-0 9. Bc4 Na5 10. Qxd8 Rxd8 11. Bd5 c6 12. Bb3 b6 13. 0-0 Ba6 14. f3 Rd7 15. Rfd1 Rad8 16. Rxd7 Rxd7 17. Kf2 Bf8 18. Bg5 Bc5+ 19. Be3 Be7 20. Rd1 Kf8 21. g3 Rxd1 22. Nxd1 Nxb3 23. axb3 Nd7 24. Nec3 Kg7 25. f4 f6 26. Kf3 h5 27. Nf2 Nf8 28. f5 Bc8 29. g4 hxg4+ 30. Kxg4 Nd7 31. Nh1 gxf5+ 32. exf5 Bc5 33. Bxc5 Nxc5 34. Ng3 Bb7 35. Nce4 Nxe4 36. Nxe4 a5 37. Nd6 Ba6 38. c4 b5 39. h4 a4 40. Ne8+ Kf7 41. Nc7 axb3 42. c5 Bc8 43. h5 Bd7 44. h6 Kg8 45. Ne6 Be8 46. Ng7 Bf7 47. Ne6 Kh7 48. Nf8+ Kxh6 49. Nd7 Kg7 50. Nb8 Bd5 51. Na6 Kf7 52. Nb4 Be4 53. Kh5 Kg7 54. Kg4 Kf7 55. Na6 Ke7 56. Nc7 Bd5 57. Na6 Kd7 58. Nb4 Be4 59. Na6 Kc8 60. Nb4 Kb7 61. Kg3 Bxf5 62. Kf3 Bb1 63. Ke3 f5 64. Kf3 f4 65. Ke2 e4 66. Kf2 e3+ 67. Kf3 Bg6 68. Ke2 Be4 69. Ke1 f3 70. Kf1 f2 71. Ke2 Bg2 72. Kxe3 f1Q 73. Nd3 Qb1 0-1

[Event "Regionalliga Sued-West 1819"]
[Site "Bayern"]
[Date "2018.11.25"]
[Round "3.8"]
[White "Wesely, Wolfgang"]
[Black "Oezden, Kadir"]
[Result "1-0"]
[WhiteElo "1970"]
[BlackElo "1765"]
[PlyCount "69"]
[EventDate "2018.10.21"]
[EventType "team-tourn"]
[EventRounds "9"]
[EventCountry "GER"]
[SourceTitle "EXT 2022"]
[Source "ChessBase"]
[SourceDate "2021.10.06"]
[SourceVersion "1"]
[SourceVersionDate "2021.10.06"]
[SourceQuality "1"]
[WhiteTeam "Altstadt Roter Turm"]
[BlackTeam "Zugzwang MSA II"]
[WhiteTeamCountry "GER"]
[BlackTeamCountry "GER"]

1. e4 c5 2. Nf3 d6 3. c4 Nf6 4. Nc3 Nc6 5. Be2 g6 6. 0-0 Bg7 7. d4 cxd4 8. Nxd4 0-0 9. Be3 Bd7 10. f3 Rc8 11. Qd2 Ne5 12. b3 Qa5 13. Rac1 Nc6 14. Nxc6 Rxc6 15. Nd5 Qxd2 16. Nxe7+ Kh8 17. Bxd2 Ra6 18. Rc2 Re8 19. Nd5 Rc6 20. Rfc1 b5 21. Nxf6 Bxf6 22. cxb5 Rb6 23. a4 Bd4+ 24. Kf1 f5 25. Ba5 Rb7 26. Rc7 Rxc7 27. Rxc7 Be6 28. Bc3 Bxc3 29. Rxc3 fxe4 30. fxe4 Bc8 31. Rc7 Be6 32. Bc4 Bg8 33. Rxa7 Bxc4+ 34. bxc4 Rxe4 35. b6 1-0

[Event "Regionalliga Sued-West 1718"]
[Site "Bayern"]
[Date "2017.11.26"]
[Round "3.8"]
[White "Birth, Daniel"]
[Black "Oezden, Kadir"]
[Result "1-0"]
[WhiteElo "1967"]
[BlackElo "1701"]
[PlyCount "107"]
[EventDate "2017.10.22"]
[EventType "team-tourn"]
[EventRounds "9"]
[EventCountry "GER"]
[SourceTitle "EXT 2022"]
[Source "ChessBase"]
[SourceDate "2021.10.06"]
[SourceVersion "1"]
[SourceVersionDate "2021.10.06"]
[SourceQuality "1"]
[WhiteTeam "Augsburg SK Rochade"]
[BlackTeam "Zugzwang MSA II"]
[WhiteTeamCountry "GER"]
[BlackTeamCountry "GER"]

1. c4 Nf6 2. Nc3 g6 3. Nf3 Bg7 4. d4 0-0 5. g3 d6 6. Bg2 Nbd7 7. 0-0 Re8 8. Qc2 c5 9. e4 cxd4 10. Nxd4 Nc5 11. Nb3 Nfd7 12. Be3 Nxb3 13. axb3 a6 14. Rfd1 Bxc3 15. Qxc3 Ne5 16. f4 Ng4 17. Bd4 f6 18. h3 Nh6 19. c5 Nf7 20. e5 fxe5 21. Bxe5 Be6 22. Bxb7 Rb8 23. Bd5 Bxh3 24. Bxf7+ Kxf7 25. cxd6 Bg4 26. d7 Rg8 27. Bc7 Bxd1 28. Rxd1 Rc8 29. Bxd8 Rxc3 30. bxc3 Rxd8 31. Kf2 Ke6 32. Ra1 Kxd7 33. Rxa6 Rc8 34. c4 Rb8 35. Ra3 Kd6 36. Ke3 Rb7 37. Kd3 e5 38. Ra6+ Kd7 39. Kc3 exf4 40. gxf4 Ke8 41. Ra8+ Kf7 42. c5 Ke6 43. Kc4 h5 44. b4 Rf7 45. Ra6+ Kf5 46. b5 Re7 47. Kd5 h4 48. c6 Re2 49. c7 Rc2 50. Rc6 Rxc6 51. bxc6 Kxf4 52. c8Q g5 53. Qh3 g4 54. Qxh4 1-0

[Event "Regionalliga SW 1617"]
[Site "Bayern"]
[Date "2017.04.02"]
[Round "8.8"]
[White "Oezden, Kadir"]
[Black "Jachs, Walter"]
[Result "1-0"]
[WhiteElo "1655"]
[BlackElo "2010"]
[PlyCount "66"]
[EventDate "2016.10.16"]
[EventType "team-tourn"]
[EventRounds "9"]
[EventCountry "GER"]
[SourceTitle "EXT 2019"]
[Source "ChessBase"]
[SourceDate "2018.10.10"]
[SourceVersion "1"]
[SourceVersionDate "2018.10.10"]
[SourceQuality "1"]
[WhiteTeam "MSA Zugzwang II"]
[BlackTeam "Haar"]
[WhiteTeamCountry "GER"]
[BlackTeamCountry "GER"]

1. e4 d6 2. d4 Nf6 3. Nc3 g6 4. Bg5 h6 5. Be3 Ng4 6. Bf4 Bg7 7. h3 e5 8. dxe5 Nxe5 9. Nf3 Nbc6 10. a3 a6 11. Nxe5 Nxe5 12. Be2 Be6 13. Be3 g5 14. Nd5 f5 15. Bh5+ Kd7 16. exf5 Bxf5 17. Bd4 Qg8 18. Ne3 Be6 19. b3 Rf8 20. Ng4 Nxg4 21. hxg4 Rf4 22. Bxg7 Qxg7 23. 0-0 Rhf8 24. Qe2 Qd4 25. Rad1 Qc5 26. b4 Qc4 27. Rd3 Re4 28. Qd2 Rf6 29. f3 Re5 30. Rf2 Bg8 31. Rd4 Qe6 32. Kf1 Bh7 33. c4 b5 1-0

[Event "Regionalliga SW 1516"]
[Site "Bayern"]
[Date "2015.12.13"]
[Round "4.8"]
[White "Baeuml, Manfred"]
[Black "Oezden, Kadir"]
[Result "1-0"]
[WhiteElo "1995"]
[BlackElo "1412"]
[PlyCount "99"]
[EventDate "2015.10.11"]
[EventType "team-tourn"]
[EventRounds "9"]
[EventCountry "GER"]
[SourceTitle "EXT 2018"]
[Source "ChessBase"]
[SourceDate "2017.10.13"]
[SourceVersion "1"]
[SourceVersionDate "2017.10.13"]
[SourceQuality "1"]
[WhiteTeam "Bayern Muenchen III"]
[BlackTeam "MSA Zugzwang II"]
[WhiteTeamCountry "GER"]
[BlackTeamCountry "GER"]

1. c4 e5 2. g3 Nf6 3. Bg2 d5 4. cxd5 Nxd5 5. Nc3 c6 6. Nf3 Nxc3 7. bxc3 Bd6 8. 0-0 0-0 9. a4 Bf5 10. Qb3 Qc7 11. d3 Nd7 12. Ba3 Rab8 13. Nd2 Bxa3 14. Qxa3 Rfd8 15. Ne4 Bxe4 16. Bxe4 Nf6 17. Bg2 Qd6 18. Qb2 Rd7 19. a5 b6 20. axb6 Rxb6 21. Qa3 Qxa3 22. Rxa3 a6 23. Rfa1 Ra7 24. Ra5 Nd7 25. Bh3 Nf6 26. Rxe5 g6 27. c4 Kf8 28. Rea5 Ne8 29. c5 Rb5 30. Rxa6 Rxa6 31. Rxa6 Rxc5 32. Bd7 Re5 33. Kf1 c5 34. Ra8 f5 35. Ke1 Kf7 36. Bxe8+ Rxe8 37. Rxe8 Kxe8 38. Kd2 Kd7 39. Kc3 Kc6 40. Kc4 Kd6 41. f4 h6 42. h4 Kc6 43. e4 Kd6 44. e5+ Kc6 45. e6 Kd6 46. e7 Kxe7 47. Kxc5 Kd7 48. Kd5 Ke7 49. Ke5 h5 50. d4 1-0